| 000 | 02197nam a22003137a 4500 | ||
|---|---|---|---|
| 005 | 2010072105045.0 | ||
| 008 | 100412t xxu||||| |||| 00| 0 ur d | ||
| 020 | _c20.00 | ||
| 035 | _aB-395111-5117 | ||
| 037 | _bEducational Publishing House | ||
| 040 |
_adpl _bur |
||
| 082 | _aک | ||
| 100 |
_aزبير طارق _910430 |
||
| 245 |
_a پہلا فضائ حملہ / _cزبير طارق _b |
||
| 246 |
_aPehla Fizai Hamla / _bby Zubair Tariq |
||
| 260 |
_a دلّی _bايجو کيشنل پبلشنگ ہاؤس _c2009 |
||
| 270 |
_a3108,VakilStreet, Kucha Pandit, Lal Kuan _b Delhi _e110006 _k23216162, 23214465 _minfo@ephbooks.com,ephdelhi@yahoo.com _l0091-11-23211540 |
||
| 300 |
_a44 ص _b22س م (pbk) |
||
| 500 | _a | ||
| 942 |
_2ddc _cCH _hک _mز ب ے |
||
| 999 |
_c37126 _d37126 |
||